000 00406nam a2200181Ia 4500
001 14627
005 20250626030541.0
008 211022s9999 xx 000 0 und d
020 _a9780415584951
082 _a791.43 VIL
100 _aVillarejo, Amy.
245 0 _aFilm studies : the basic
260 _aLondon
260 _bRoutledge
260 _c2013
300 _aix, 184 pages :
942 _cBK
999 _c10483
_d10483